000 00379nam a2200145Ia 4500
008 240729s9999 xx 000 0 und d
022 _a2058-8615
245 0 _aResearch Integrity and Peer Review
260 _aUnited Kingdom
260 _bBMC
650 _aGeneral Works
856 _uhttps://doaj.org/toc/0ef5003069804dcd99da2c7f3650fe41
942 _2ddc
942 _cDOAJEJ
999 _c74009
_d74009
945 _a1
_bMadushi Gamage
_c1
_dMadushi Gamage